| 000 | 00659nam a22002177a 4500 | ||
|---|---|---|---|
| 008 | 151116b xxu||||| |||| 00| 0 eng d | ||
| 020 | _a9781412976411 | ||
| 041 | 0 | _aeng | |
| 080 | _a656.07 | ||
| 245 | 0 | 0 |
_aDimensions of human behavior. _cElizabeth D. Hutchison and contributors. |
| 246 | 3 | 0 | _aChanging life course |
| 250 | _a4th ed. | ||
| 260 |
_aLos Angeles : _bSAGE, _c2011. |
||
| 300 |
_axxv, 539 f. : _bme il.; _c26 cm. |
||
| 650 | 0 | _aPsikologjia sociale | |
| 650 | 0 | _aSjellja organizative | |
| 650 | 0 | _aStruktura shoqërore | |
| 650 | 0 | _aShërbimet shoqërore | |
| 700 | 1 | _aHutchison, Elizabeth D. | |
| 942 |
_2udc _cBK |
||
| 999 |
_c1360 _d1360 |
||